| 000 | 01008nam a22002777a 4500 | ||
|---|---|---|---|
| 001 | 6998 | ||
| 003 | FISKH | ||
| 005 | 20250617095327.0 | ||
| 008 | 250617b cb ||||| |||| 00| 0 eng d | ||
| 020 | _a9781584768258 | ||
| 040 |
_aFISKH _beng _cFISKH _dFISKH |
||
| 050 | _aPZ7 | ||
| 082 | _a372.4 | ||
| 100 | _aGaydos, Nora | ||
| 245 |
_aNir! read it, write it, draw it: _bWhere is my home? _cWritten by Nora Gaydos ; Illustrated by Electriv Ink Studio |
||
| 260 |
_aNorwalk : _bInnovative Kids, _c2008. |
||
| 300 |
_a32 pages : _bcolor illustrations ; _c23 cm |
||
| 490 |
_aNow i'm reading : _vlevel 2. |
||
| 505 | _aF | ||
| 520 | _aChick is lost in the woods. Will he ever find his way home? Three different sections leave it up to you to: Read Baby Chick's hilarious story, Write key words, Draw the story for yourself! | ||
| 521 | 8 |
_a300
_bLexile estimate |
|
| 521 | 8 |
_aF
_bRaz-Plus |
|
| 650 |
_aStorytelling Phonics _vRead Write Draw |
||
| 942 |
_2ddc _cBK _n0 |
||
| 999 |
_c6998 _d6998 |
||